1458 1980 1274 1954 1081 1534 1730 1864 1065 1294 1968 1771 1324 1447 1778 1555 1315 1696 1768 1155 1532 1320 1346 1480 1949 1997 1811 1340 1549 1635 1101 1563 1725 1005 1908 1341 1851 1702 1845 1608 1956 1710 1370 1903 1837 1245 1727 1354 1066 1945 1520 1414 1946 1567 1297 1584 1778 1019 1343 1066 1459 1118 1119 1638 1831 1160 1868 1721 1691 1604 1462 1241 1481 1387 1182 1004 1765 1829 1595 1071 1049 1777 1807 1730 1785 1485 1521 1486 1987 1827 1325 1811 1954 1976 1105 1974 1278 1071 1248 BCNSPRNW ULIB Ver.6.0+V

เปลี่ยนเป็นภาษาไทย

Change to English
 แสดงรายละเอียดบรรณานุกรม
  กลับหน้าหลัก

Brief Record : Get Marc (ISO 2709) : E-mail record : QR code < ปิดหน้าต่าง
LEADER : 00000nam 2200000uu 4500
001    13399125877
003     ULIB
008    020711s2560 th a 000 0 tha d
020    ู^a9789745337176
060    ^aWY152.5^bจ265ก
100    ^aจันทร์ทิรา เจียรณัย.
245    ^aการพยาบาลผู้ป่วยที่มีปัญหาการผันแปรของออกซิเจนและการระบายอากาศ/^bจันทร์ทิรา เจียรณัย.
260    ^aนครราชสีมา :^bมหาวิทยาลัยเทคโนโลยีสุรนารี,^c2560
300    ^a528 หน้า;^c30 ซม.
650    ^aหัวใจ-โรค-ผู้ป่วย
650  0 ^aผู้ป่วย-การดูแล
945    ^p480^l0^i003307
945    ^p480^l0^i003308
945    ^p480^l0^i003309
999    ^aประนอม เกษจรัล
รายการนี้ยังไม่มีแท็ก
คุณยังไม่ได้ล็อกอิน คุณสามารถมีกิจกรรมร่วมกับเว็บไซต์ได้ แต่ต้องล็อกอินก่อน ::
  ล็อกอิน

รายการสื่อสารสนเทศ

ลำดับที่ ประเภท เลขเรียก/บาร์โค้ด สถานที่ สถานะ
1. วิทยาศาสตร์การแพทย์ และสุขภาพ
หนังสือสำรอง
สถานะ=หนังสือสำรอง
WY152.5 จ265ก ฉ.1 
  Barcode: 003307
ห้องสมุดวิทยาเขตสวรรค์ประชารักษ์
►หนังสือทั่วไป
บนชั้น
2. วิทยาศาสตร์การแพทย์ และสุขภาพ
วิทยาศาสตร์การแพทย์ และสุขภาพ
WY152.5 จ265ก ฉ.2 
  Barcode: 003308
ห้องสมุดวิทยาเขตสวรรค์ประชารักษ์
►หนังสือทั่วไป
บนชั้น
3. วิทยาศาสตร์การแพทย์ และสุขภาพ
วิทยาศาสตร์การแพทย์ และสุขภาพ
WY152.5 จ265ก ฉ.3 
  Barcode: 003309
ห้องสมุดวิทยาเขตสวรรค์ประชารักษ์
►หนังสือทั่วไป
บนชั้น

รายการใกล้เคียง
    หัวเรื่อง [หัวใจ-โรค-ผู้ป่วย]
    หัวเรื่อง [ผู้ป่วย-การดูแล]

BibComment


ยังไม่เคยถูกคอมเมนท์

คอมเมนท์ทรัพยากรรายการนี้
  คอมเมนท์: การพยาบาลผู้ป่วย..


 Copyright 2026. Bcnsprnw @Library